Κατάλογος Βιβλιοθηκών Mediterranean College

Παράλληλες Σκέψεις... / Αυτοβιογραφικά Δοκίμια (Record no. 6317)

MARC details
000 -LEADER
fixed length control field 01435cam a22001934a 4500
005 - ΗΜΕΡΟΜΗΝΙΑ ΚΑΙ ΩΡΑ ΤΕΛΕΥΤΑΙΑΣ ΕΝΗΜΕΡΩΣΗΣ
Πεδίο ελέγχου 20250605164239.0
008 - FIXED-LENGTH DATA ELEMENTS--GENERAL INFORMATION
Πεδίο ελέγχου σταθερού μήκους 250528s ||||||||||||||||||||||||d
035 ## - SYSTEM CONTROL NUMBER
System control number 21250
020 ## - ISBN
ISBN 9789609321624
040 ## - ΠΗΓΗ ΚΑΤΑΛΟΓΟΓΡΑΦΗΣΗΣ
Φορέας πρωτότυπης καταλογογράφησης MC Athens Campus Library
Γλώσσα καταλογογράφησης Ελληνικά, Μοντέρνα (1453-)
Modifying agency MC Athens Campus Library
Κανόνες περιγραφικής καταλογογράφησης AACR2
245 1# - ΤΙΤΛΟΣ ΚΑΙ ΔΗΛΩΣΗ ΥΠΕΥΘΥΝΟΤΗΤΑΣ
Τίτλος Παράλληλες Σκέψεις... / Αυτοβιογραφικά Δοκίμια
260 ## - PUBLICATION, DISTRIBUTION, ETC.
Name of publisher, distributor, etc. Εκδόσεις Παρισιάνου,
Date of publication, distribution, etc. 2010
300 ## - PHYSICAL DESCRIPTION
Extent 104
520 ## - SUMMARY, ETC.
Summary, etc. Ένα βιβλίο που ξεκίνησε για πλάκα και κατέληξε σε ''ψύχωση'' και ταυτόχρονα ψυχανάλυση της συγγραφέως. Μια Νέα Αρχή, Τα Παγωτά οι Κρέμες και η... Άνοιξη, Το ''Σ' αγαπώ'', ''Μα Καλά... Εσύ πως Πέρασες Πανεπιστήμιο;'', Για τα Λεφτά, Τα Δώρα, Η Αδερφή μου και Εγώ, Πότε Πέθανε ο... Άγιος Βασίλης;, Θέλω να Καταγγείλω Έναν Φόνο, Αυγούλες και Υζάντι και Χριστός Ανέστη! Θα Ανατιναχτούμε, Να σου Πω το Φλιτζάνι;, Πετάμε στα... 14.000 Πόδια, ''Κύριε Πρέσβη μου, μας Κακομαθαίνετε...!!!'', Το Καλοκαιράκι στην Ακρογιαλιά!!!.
700 1# - ΠΡΟΣΘΕΤΗ ΑΝΑΓΡΑΦΗ--ΦΥΣΙΚΟ ΠΡΟΣΩΠΟ
Personal name Χαλκιά Μαρία Ι
9 (RLIN) 7282
942 ## - ADDED ENTRY ELEMENTS (KOHA)
Koha item type Books
Holdings
Τύπος τεκμηρίου Βιβλιοθήκη Τρέχουσα τοποθεσία Barcode Αριθμός εισαγωγής Ημερομηνία απόκτησης Ταξιθετικό σύμβολο Αριθμός αντιτύπου Κατάσταση απόσυρσης Κατάσταση χαμένου Κατάσταση κατεστραμμένου Μη δανεισμός Σύνολο δανεισμών Ημερομηνία τελευταίας εμφάνισης Η τιμή ισχύει από
Books MC Athens Campus Library MC Athens Campus Library 9780000063168 5258 05/06/2025 150 HAL 1           05/06/2025 05/06/2025

MC Athens Campus Library
Πατησίων 94 & Κοδριγκτώνος 13, 104 34
Πελλήνης 8 & Πατησίων 107, 112 51
Τ: +30 210 8899600

MC Thessaloniki Campus Library
Ίωνος Δραγούμη 21, 54625 | Ίωνος Δραγούμη 15, 54625
Τ: +30 2310 287779 – Τ: +30 2314 440300